Geography - Countries by Numbers #2 - Statistics

General Stats
  • This quiz has been taken 8,879 times
  • The average score is 36 of 45
Answer Stats
Hint Answer % Correct
United Kingdom
96%
4 Present-Day Communist countries China
95%
5 Countries that are permanently on the UN Security Council China
95%
7 Countries that end in -stan Pakistan
93%
Afghanistan
92%
2 Countries that share the island of Hispaniola Haiti
92%
Russia
92%
Turkmenistan
92%
6 Countries in Europe that gained independence from the USSR Ukraine
92%
United States of America
92%
Uzbekistan
92%
Dominican Republic
90%
Latvia
90%
Belarus
89%
Dominica
89%
Estonia
89%
France
89%
Lesotho
89%
Lithuania
89%
Tajikistan
88%
Vatican City
88%
Kazakhstan
86%
3 Landlocked countries that border only one other country San Marino
84%
Cuba
82%
Kyrgyzstan
81%
St Kitts and Nevis
76%
9 Countries that border the Democratic Republic of the Congo Angola
75%
Central African Republic
75%
Moldova
75%
Republic of the Congo
75%
Rwanda
75%
Uganda
75%
St Lucia
74%
St Vincent and the Grenadines
74%
Barbados
73%
Zambia
72%
Tanzania
69%
8 Sovereign countries in the Lesser Antilles Antigua and Barbuda
68%
Trinidad and Tobago
68%
Burundi
67%
Grenada
67%
Vietnam
66%
South Sudan
64%
Laos
55%
1 Country that ends in 'h' Bangladesh
40%
No matching quizzes found
Score Distribution
Percent of People with Each Score
Percentile by Number Answered
Your Score History
You have not taken this quiz